🎤 Guess the Taylor Swift song (no hints) #3 - Statistics

General Stats
  • This quiz has been taken 62 times
  • The average score is 289 of 386
Answer Stats
Lyrics % Correct
a
100%
A
100%
"I
100%
I
100%
(I
100%
an
98%
You
96%
you
96%
"You
96%
the
93%
We
93%
we
93%
and
91%
And
91%
Do
91%
"Do
91%
me
91%
me)
91%
me"
91%
My
91%
my
91%
say,
91%
say
91%
(Say
91%
your
91%
all
89%
love
89%
this
89%
to
89%
"To
89%
Who
89%
be
87%
I'm
87%
it
87%
it?
87%
that
87%
in
85%
too
85%
were
85%
you're
85%
(You're
85%
You're
85%
as
83%
don't
83%
don't"
83%
it's
83%
know
83%
at
80%
can
80%
did
80%
her
80%
what
80%
but
78%
can't
78%
of
78%
they
78%
was
78%
Always
76%
could
76%
for
76%
have
76%
How
76%
if
76%
time,
76%
time
76%
is
74%
see
74%
'cause
72%
'Cause
72%
from
72%
loved
72%
thing
72%
would
72%
Every
70%
heart
70%
just
70%
now,
70%
Now,
70%
only
70%
out
70%
won't
70%
everything
67%
gone"
67%
gone
67%
got
67%
losin'
67%
sad
67%
find
65%
something,
65%
something"
65%
something)
65%
Stop,
65%
Stop
65%
(Stop)
65%
(Stop,
65%
stop),
65%
thought
65%
wanted
65%
with
65%
anymore
63%
back
63%
come
63%
even
63%
long
63%
pulse
63%
song
63%
start
63%
tell
63%
'Til
63%
wouldn't
63%
best
61%
bring
61%
down
61%
far
61%
gave
61%
getting
61%
keep
61%
nothing"
61%
nothing)
61%
or
61%
someone
61%
understand,"
61%
until
61%
ashes
59%
babe,
59%
life?
59%
lookin'
59%
people
59%
risin'
59%
sit
59%
bravest
57%
dark
57%
Fighting
57%
ignore
57%
light
57%
party
57%
throw
57%
tried
57%
wonder
57%
army,
54%
believe,
54%
built
54%
either
54%
empathy
54%
endless
54%
eyes
54%
frontlines,
54%
marry
54%
might
54%
phoenix
54%
pleaser
54%
soldier
54%
thinkin'
54%
tired
54%
bleed
52%
"Choose
52%
choosin'
52%
fear
52%
room?
52%
through
52%
cure
50%
final
50%
"Lose
50%
me's,
50%
pathological
50%
Remember
50%
storms
50%
unless
50%
blow
48%
dyin'?
48%
face
48%
gashes
48%
sick
48%
admit
46%
air
46%
dealt
46%
gray,
46%
loss
46%
Mendin'
46%
risk
46%
runnin'
46%
hallway
43%
nails
43%
thick
43%
bit
41%
fadin',
41%
glared
41%
imposition
41%
mornin',
41%
pain
41%
signals
41%
such
41%
indecision
39%
quick
39%
sent
39%
No matching quizzes found
Score Distribution
Percent of People with Each Score
Percentile by Number Answered
Your Score History
You have not taken this quiz